000
00248nam a2200097Ia 4500
001
641697
005
20250826153512.0
008
250824s9999 xx 000 0 und d
245
0
_a
NAR TADINDA BEREKET ÖYKÜLERİ
_c
DERLEME
260
_b
TİMAŞ KÜLTÜR
999
_c
641697
_d
641697